| 000 | 01104nam a22002897a 4500 | ||
|---|---|---|---|
| 003 | OSt | ||
| 005 | 20250820102736.0 | ||
| 008 | 250708b |||||||| |||| 00| 0 eng d | ||
| 020 |
_a9781009277440 (Hardcover) _cUSD 73.00 |
||
| 040 |
_aNUST _beng _cNUST _dNUST _erda |
||
| 050 | _aQB806 MAC | ||
| 100 |
_aMackay, Duncan _eAuthor |
||
| 245 |
_aCase studies in star formation : _ba molecular astronomy perspective / _cDuncan Mackay, mark Thompson and James Urquhart. |
||
| 260 |
_bCambridge University Press, _c©2023. _aUnited Kingdom : |
||
| 300 |
_axv, 321 pages : _bIllustrations ; _c25 cm. |
||
| 336 |
_2rdamedia _atext _btxt |
||
| 337 |
_2rdamedia _aunmediated _bn |
||
| 338 |
_2rdamedia _avolume _bnc |
||
| 440 | _aCambridge observing handbooks for research astronomers. | ||
| 504 | _aIncludes bibliographical references and index. | ||
| 650 | _vSCIENCE Physics Astrophysics. | ||
| 650 | _v Science Astronomy . | ||
| 650 | _vDescriptive astronomy . | ||
| 700 |
_aThompson, Mark _eAuthor |
||
| 700 |
_aUrquhart, James _eAuthor |
||
| 942 |
_2lcc _cBOOKS _hQB806 MAC _kQB _mMAC _n0 |
||
| 999 |
_c172186 _d172186 |
||